Pollock & Mulla the Specific Relief Act, 1963 / (Record no. 77367)

MARC details
000 -LEADER
fixed length control field 00634nam a22002057a 4500
005 - DATE AND TIME OF LATEST TRANSACTION
control field 20131011112934.0
010 ## - LCCN (DPL NO)
LC control number ENG-107928
020 ## - INTERNATIONAL STANDARD BOOK NUMBER
Terms of availability 795.00
International Standard Book Number 9788180388194
035 ## - SYSTEM CONTROL NUMBER
System control number EN-91461
037 ## - SOURCE OF ACQUISITION
Source of stock number/acquisition DBAD/PUB
082 ## - DEWEY DECIMAL CLASSIFICATION NUMBER
Classification number 347.54077
100 ## - MAIN ENTRY--PERSONAL NAME
Personal name Bhadbhade, Nilima
245 00 - TITLE STATEMENT
Title Pollock & Mulla the Specific Relief Act, 1963 /
Statement of responsibility, etc by Nilima Bhadbhade
250 ## - EDITION STATEMENT
Edition statement 14th ed
260 ## - PUBLICATION, DISTRIBUTION, ETC. (IMPRINT)
Place of publication, distribution, etc Gurgaon
Name of publisher, distributor, etc Lexis Nexis
Date of publication, distribution, etc 2013
270 ## - ADDRESS
Address 14th Floor, Bldg. No.10, Tower-B, DLF Cyber City, Phase-II
City Gurgaon
Postal code 122002
300 ## - PHYSICAL DESCRIPTION
Extent xcviii,483p.
Dimensions 25cm(Hb)
500 ## - GENERAL NOTE
General note Includes index
942 ## - ADDED ENTRY ELEMENTS (KOHA)
Source of classification or shelving scheme Dewey Decimal Classification
Item type English Books
Call number suffix BHA
Classification part 347.54077
Holdings
Withdrawn status Lost status Not for loan Collection code Home library Current library Date acquired Source of acquisition Cost, normal purchase price Full call number Barcode Copy number Cost, replacement price Koha item type
    Not For Loan Non-fiction D.B.Act.Division D.B.Act.Division 10/07/2013 DBAD/PUB 795.00 347.54077 BHA EN-91461 1 795.00 English Books

© Delhi Public Library
Hit Counter
free hit counter